Presidents of South Korea - Statistics

General Stats
  • This quiz has been taken 131 times
  • The average score is 9 of 12
Answer Stats
Picture Hint Answer % Correct
In office: 1998-2003 {Kim} Dae-jung
95%
In office: 1993-1998 {Kim} Young-sam
95%
In office: 1963-1979 {Park} Chung-hee
95%
In office: 2013-2017 {Park} Geun-hye
95%
In office: 2017- {Moon} Jae-in
92%
In office: 2008-2013 {Lee} Myung-bak
91%
In office: 1948-1960 Syngman {Rhee}
79%
In office: 1979-1980 {Choi} Kyu-hah
63%
In office: 1980-1988 {Chun} Doo-hwan
63%
In office: 2003-2008 {Roh} Moo-hyun
60%
In office: 1988-1993 {Roh} Tae-woo
60%
In office: 1960-1962 {Yun} Posun
51%
No matching quizzes found
Score Distribution
Percent of People with Each Score
Percentile by Number Answered
Your Score History
You have not taken this quiz